Normal view MARC view

Entry Personal Name

Number of records used in: 2

001 - CONTROL NUMBER

  • control field: 25778

003 - CONTROL NUMBER IDENTIFIER

  • control field: dpl

005 - DATE AND TIME OF LATEST TRANSACTION

  • control field: 20110209121725.0

008 - FIXED-LENGTH DATA ELEMENTS

  • fixed length control field: 110209|||a|||||| | ||| d

040 ## - CATALOGING SOURCE

  • Original cataloging agency: dpl
  • Transcribing agency: dpl

100 ## - HEADING--PERSONAL NAME

  • Personal name: Gangopadhya, Neeta

670 ## - SOURCE DATA FOUND

  • Source citation: Work cat.: (dpl): Mukundan, Monisha 25777, Of kings & commoners:, 2009

670 ## - SOURCE DATA FOUND

  • Source citation: Work cat.: (dpl): Mukundan, Monisha 25777, Of kings & commoners:, 2009

© Delhi Public Library
Hit Counter
free hit counter